Impact Management / Personal Power Strategies for Success (Record no. 950)
[ view plain ]
| 000 -LEADER | |
|---|---|
| fixed length control field | 01079cam a22002054a 4500 |
| 005 - ΗΜΕΡΟΜΗΝΙΑ ΚΑΙ ΩΡΑ ΤΕΛΕΥΤΑΙΑΣ ΕΝΗΜΕΡΩΣΗΣ | |
| Πεδίο ελέγχου | 20250605163950.0 |
| 008 - FIXED-LENGTH DATA ELEMENTS--GENERAL INFORMATION | |
| Πεδίο ελέγχου σταθερού μήκους | 250528s ||||||||||||||||||||||||d |
| 035 ## - SYSTEM CONTROL NUMBER | |
| System control number | 15363 |
| 020 ## - ISBN | |
| ISBN | 814455190 |
| 040 ## - ΠΗΓΗ ΚΑΤΑΛΟΓΟΓΡΑΦΗΣΗΣ | |
| Φορέας πρωτότυπης καταλογογράφησης | MC Athens Campus Library |
| Γλώσσα καταλογογράφησης | Ελληνικά, Μοντέρνα (1453-) |
| Modifying agency | MC Athens Campus Library |
| Κανόνες περιγραφικής καταλογογράφησης | AACR2 |
| 245 1# - ΤΙΤΛΟΣ ΚΑΙ ΔΗΛΩΣΗ ΥΠΕΥΘΥΝΟΤΗΤΑΣ | |
| Τίτλος | Impact Management / Personal Power Strategies for Success |
| 260 ## - PUBLICATION, DISTRIBUTION, ETC. | |
| Name of publisher, distributor, etc. | Addison-Wesley, |
| Date of publication, distribution, etc. | 1979 |
| 300 ## - PHYSICAL DESCRIPTION | |
| Extent | 154 |
| 505 0# - FORMATTED CONTENTS NOTE | |
| Formatted contents note | Introduction, Impact - What It Is and How It Affects Success, How to Build Big Impact, Personal Qualities That Add to Impact, Impact Add-ons That Rise out of Attitudes, Negatives That Dilute Impact and Are Worth Watching, Getting the Most Out of Impact by Using It Well, A Postcript, Index. |
| 520 ## - SUMMARY, ETC. | |
| Summary, etc. | Introduction, Impact - What It Is and How It Affects Success, How to Build Big Impact, Personal Qualities That Add to Impact, Impact Add-ons That Rise out of Attitudes, Negatives That Dilute Impact and Are Worth Watching, Getting the Most Out of Impact by Using It Well, A Postcript, Index. |
| 700 1# - ΠΡΟΣΘΕΤΗ ΑΝΑΓΡΑΦΗ--ΦΥΣΙΚΟ ΠΡΟΣΩΠΟ | |
| Personal name | Lumsden J. George |
| 9 (RLIN) | 1265 |
| 942 ## - ADDED ENTRY ELEMENTS (KOHA) | |
| Koha item type | Books |
| Τύπος τεκμηρίου | Βιβλιοθήκη | Τρέχουσα τοποθεσία | Barcode | Αριθμός εισαγωγής | Ημερομηνία απόκτησης | Ταξιθετικό σύμβολο | Αριθμός αντιτύπου | Κατάσταση απόσυρσης | Κατάσταση χαμένου | Κατάσταση κατεστραμμένου | Μη δανεισμός | Σύνολο δανεισμών | Ημερομηνία τελευταίας εμφάνισης | Η τιμή ισχύει από |
|---|---|---|---|---|---|---|---|---|---|---|---|---|---|---|
| Books | MC Athens Campus Library | MC Athens Campus Library | 9780000009494 | 1616 | 05/06/2025 | 658.4 LUM | 1 | 05/06/2025 | 05/06/2025 |